00450nam a22001697a 450000500170000001000130001702000260003003500130005603700100006908200130007910000210009224500510011326000380016427000240020230000210022650000330024720110901141711.0 aG-001325 a9781405335508c795.00 aG-001325 bGift  a613.7046 aIyengar, B.K.S.  aYoga wisdom and practice /cby B.K.S. Iyengar  aLondon bDorling Kindersleyc2009 a80 Strand,bLondon  a256p. c25cm(Hb) aIncludes glossary and index